[Event "Piacenza Ruscitti Memorial"]
[Site "Piacenza"]
[Date "2022.10.23"]
[Round "3"]
[White "De Simone, Alessandro"]
[Black "Arun, Ria"]
[Result "0-1"]
[WhiteElo "1231"]
[BlackElo "1403"]
[PlyCount "46"]
[EventDate "2022.10.22"]
[EventType "swiss"]
[EventRounds "5"]
[EventCountry "ITA"]
[SourceTitle "EXT 2024"]
[Source "ChessBase"]
[SourceDate "2023.10.10"]
[SourceVersion "1"]
[SourceVersionDate "2023.10.10"]
[SourceQuality "1"]

1. d4 d5 2. c4 e6 3. e3 Nf6 4. Nc3 Be7 5. Nf3 c5 6. cxd5 exd5 7. Bb5+ Nc6 8. 0-0 a6 9. Bxc6+ bxc6 10. dxc5 Bxc5 11. h3 0-0 12. Nd4 Qd6 13. Qc2 Re8 14. Na4 Bxd4 15. exd4 Rb8 16. b3 Ne4 17. Bb2 Bf5 18. Qd1 Qg6 19. Qf3 Nd2 20. Qc3 Nxf1 21. Rxf1 Re2 22. Rc1 Be4 23. g3 Qf5 0-1